Komparácia uplatňovania politiky konkurencieschopnosti v krajinách EÚ a SR diplomová práca

Uložené v:
Podrobná bibliografia
Hlavný autor: Kúkoľová, Adriana
Korporativný autor: Národohospodárska fakulta EU. Katedra hospodárskej politiky
Ďalší autori: Chandoga, Roman
Médium: Kniha
Jazyk:Slovak
Vydavateľské údaje: Bratislava 2014
Tagy: Pridať tag
Žiadne tagy, Buďte prvý, kto otaguje tento záznam!

MARC

LEADER 00000nbm a2200000 4500
001 0187425
005 20170201085819.3
041 0 |a slo 
044 |a SK 
245 1 0 |a Komparácia uplatňovania politiky konkurencieschopnosti v krajinách EÚ a SR  |b diplomová práca  |c Adriana Kúkoľová ; školiteľ: Roman Chandoga 
264 1 |a Bratislava  |c 2014 
300 |a 68 s. 
100 1 |a Kúkoľová, Adriana 
700 1 |a Chandoga, Roman 
710 2 |a Národohospodárska fakulta EU. Katedra hospodárskej politiky